000
00315nam a22001337a 4500
008
180122b xxu||||| |||| 00| 0 eng d
020
_a
0807733008
041
_a
eng
080
_a
37
100
_a
47
101
_a
EDU
245
_a
Diversity& developmentally appropriate practices
_c
Mallory,B.L
942
_2
udc
_c
BK
999
_c
40666
_d
40666